01564nam a2200337Ia 4500001001200000003000800012006001900020007001500039008004100054010001700095020003800112020003500150040002100185035002100206050002600227100005500253245018600308260006000494300005000554504005100604533015200655610006700807650006000874655002900934700003300963700002900996710004101025710001701066856012601083999001701209ebr10392380CaPaEBRm u cr cn|||||||||100204s2010 couab sb s001 0 eng d z 2010004736 z9781607320241 (pbk. : alk. paper) z160732024X (pbk. : alk. paper) aCaPaEBRcCaPaEBR a(OCoLC)69751661014aGN36.U62bD464 2010eb1 aColwell-Chanthaphonh, Chipq(John Stephen),d1975-10aCrossroads of cultureh[electronic resource] :banthropology collections at the Denver Museum of Nature & Science /cChip Colwell-Chanthaphonh, Stephen E. Nash, and Steven R. Holen. aBoulder, Colo. :bUniversity Press of Colorado,cc2010. axiv, 174 p. :bill. (chiefly col.), col. map. aIncludes bibliographical references and index. aElectronic reproduction.bPalo Alto, Calif. :cebrary,d2010.nAvailable via World Wide Web.nAccess may be limited to ebrary affiliated libraries.20aDenver Museum of Nature and SciencexEthnological collections. 0aEthnological museums and collectionszColoradozDenver. 7aElectronic books.2local1 aNash, Stephen Edward,d1964-1 aHolen, Steven R.,d1948-2 aDenver Museum of Nature and Science.2 aebrary, Inc.40uhttp://site.ebrary.com/lib/rucke/Doc?id=10392380zAn electronic book accessible through the World Wide Web; click to view c89589d89589